[Event "64th ch-RUS HL"]
[Site "Taganrog RUS"]
[Date "2011.06.18"]
[Round "4"]
[White "Sitnikov,D"]
[Black "Khairullin,I"]
[Result "1/2-1/2"]
[WhiteElo "2463"]
[BlackElo "2649"]
[EventDate "2011.06.15"]

1. e4 c5 2. Nf3 Nc6 3. c3 Nf6 4. e5 Nd5 5. g3 d6 6. exd6 Qxd6 7. Bg2 Qe6+
8. Qe2 Qxe2+ 9. Kxe2 Bf5 10. Na3 Rd8 11. Rd1 e5 12. d3 Be7 13. Nc4 f6 14.
h3 Be6 15. Ne3 Nb6 16. g4 g6 17. Nd2 h5 18. Be4 Kf7 19. Nf3 hxg4 20. hxg4
c4 21. d4 exd4 22. Nxd4 Nxd4+ 23. Rxd4 Rxd4 24. cxd4 Rd8 25. Bxb7 Rxd4 26.
Bd2 Na4 27. Rb1 Rd6 28. Be4 Rb6 29. Bc3 Nxc3+ 30. bxc3 Rxb1 31. Bxb1 Bd6
32. Be4 Be5 33. Kd2 Bf4 34. f3 f5 35. gxf5 gxf5 36. Bb7 Ke7 37. Ke2 Kd6 38.
Ba8 Kc5 39. Bb7 Bg5 40. Ba8 Bf6 41. Kd2 Bg5 42. Ke2 a5 43. Bb7 Bf4 44. Ba8
Bh6 45. Bb7 Bg5 46. Ba8 f4 47. Nc2 Bf6 48. Kd2 Bf5 49. Bb7 Bd3 50. Ba8 Kd6
51. Bb7 Bh4 52. Ba6 Bf2 53. Na3 Be3+ 54. Kd1 Kc5 55. Bc8 Kd6 56. Ba6 Kd5
57. Bb7+ Kc5 58. Bc8 Kd5 1/2-1/2

[Event "64th ch-RUS HL"]
[Site "Taganrog RUS"]
[Date "2011.06.18"]
[Round "4"]
[White "Mikhailov,Se1"]
[Black "Lastin,A"]
[Result "1/2-1/2"]
[WhiteElo "2399"]
[BlackElo "2617"]
[EventDate "2011.06.15"]

1. d4 Nf6 2. Nf3 d5 3. c4 e6 4. Nc3 Bb4 5. e3 O-O 6. Qc2 Nbd7 7. a3 Be7 8.
b3 c5 9. Be2 b6 10. O-O Bb7 11. Rd1 cxd4 12. Nxd4 dxc4 13. Bxc4 a6 14. Bb2
b5 15. Bf1 Rc8 16. Rac1 Qb6 17. Qb1 Rfd8 18. Nce2 Nc5 19. b4 Nce4 20. Ng3
h6 21. Nxe4 Bxe4 22. Qa1 Qb8 23. h3 Rxc1 24. Rxc1 Rc8 25. Nb3 Rxc1 26. Qxc1
Bd5 27. Qc3 Bf8 28. Nc5 Ne4 29. Nxe4 Bxe4 30. Be2 Qa8 31. Bf1 Qb8 32. Be2
Qa8 33. Bf1 Qb8 34. Be2 1/2-1/2

[Event "64th ch-RUS HL"]
[Site "Taganrog RUS"]
[Date "2011.06.18"]
[Round "4"]
[White "Polschikov,A"]
[Black "Lintchevski,D"]
[Result "0-1"]
[WhiteElo "2395"]
[BlackElo "2543"]
[EventDate "2011.06.15"]

1. e4 c6 2. d4 d5 3. Nc3 dxe4 4. Nxe4 Bf5 5. Ng3 Bg6 6. h4 h6 7. Nf3 Nd7 8.
h5 Bh7 9. Bd3 Bxd3 10. Qxd3 e6 11. Bf4 Qa5+ 12. Bd2 Bb4 13. c3 Be7 14. c4
Qc7 15. d5 cxd5 16. cxd5 Qd6 17. Qb3 Ngf6 18. dxe6 Qxe6+ 19. Qxe6 fxe6 20.
Nh4 Bd6 21. Ng6 Rg8 22. Ne2 Kf7 23. Rd1 Bc5 24. Bc3 Rgd8 25. Rh4 Bb6 26.
Nef4 Nc5 27. Ne5+ Kg8 28. Rxd8+ Rxd8 29. f3 Bc7 30. b3 Nd5 31. Nxd5 Rxd5
32. f4 Ne4 33. Bb4 Bxe5 34. fxe5 Rxe5 35. Kd1 Nf6 36. Bc3 Rd5+ 37. Ke2 Nxh5
38. Rc4 Rd7 39. a4 Kf7 40. b4 a6 41. b5 axb5 42. axb5 Nf6 43. Be5 Kg6 44.
b6 Nd5 45. Bd4 h5 46. g3 Kf5 47. Bf2 g5 48. Rc8 e5 49. Rf8+ Ke4 50. Rc8 Rd6
51. Rc4+ Kf5 52. Kf3 e4+ 53. Ke2 e3 54. Be1 Rxb6 0-1

[Event "64th ch-RUS HL"]
[Site "Taganrog RUS"]
[Date "2011.06.18"]
[Round "4"]
[White "Shukh,N"]
[Black "Fedoseev,Vl3"]
[Result "0-1"]
[WhiteElo "2438"]
[BlackElo "2506"]
[EventDate "2011.06.15"]

1. e4 e6 2. d4 d5 3. Nc3 Bb4 4. e5 c5 5. a3 Bxc3+ 6. bxc3 Ne7 7. Qg4 Kf8 8.
h4 Qa5 9. Bd2 Qa4 10. h5 h6 11. Rh3 Nbc6 12. Qf4 c4 13. Kd1 Bd7 14. Nf3 Rh7
15. Nh4 Ke8 16. g4 Nd8 17. Rg3 Bc8 18. Bh3 Kd7 19. g5 hxg5 20. Rxg5 g6 21.
Bg4 gxh5 22. Rxh5 Rxh5 23. Bxh5 Kc7 24. Qf6 Qe8 25. Bg5 Nec6 26. Qg7 b5 27.
Rb1 Rb8 28. Bf6 a5 29. Nf3 Rb7 30. Qh8 Qxh8 31. Bxh8 Bd7 32. Bf6 Be8 33.
Kd2 Kd7 34. Rg1 b4 35. axb4 axb4 36. cxb4 Rxb4 37. Rg8 Rb1 38. Kc3 Rh1 39.
Bg4 Na7 40. Kd2 Nb5 41. c3 Nc6 42. Ng5 Na5 43. Rg7 Nb3+ 44. Ke3 Re1+ 45.
Kf4 Nxc3 46. Bxe6+ Kc6 47. Bxf7 Ne2+ 48. Kg4 Bxf7 49. Rxf7 Nexd4 50. Rf8
Kb7 51. Rf7+ Kb6 52. Bd8+ Kb5 53. Rb7+ Ka6 54. Rb6+ Ka7 55. Ne6 c3 56. Nxd4
Nxd4 0-1

[Event "64th ch-RUS HL"]
[Site "Taganrog RUS"]
[Date "2011.06.18"]
[Round "4"]
[White "Reshetnikov,Al"]
[Black "Stukopin,A"]
[Result "1-0"]
[WhiteElo "2487"]
[BlackElo "2471"]
[EventDate "2011.06.15"]

1. c4 e5 2. Nc3 Nc6 3. g3 d6 4. Bg2 Be6 5. d3 Qd7 6. Rb1 g6 7. b4 Bg7 8. b5
Nd8 9. e3 Ne7 10. Qb3 O-O 11. a4 g5 12. h4 g4 13. Nge2 f5 14. e4 Kh8 15.
O-O f4 16. gxf4 Ng6 17. f5 Nxh4 18. Ng3 Bxf5 19. exf5 Nxf5 20. Nxf5 Qxf5
21. Qd1 Ne6 22. Nd5 Qh5 23. Re1 Nd4 24. Re3 Nf3+ 25. Kf1 Bh6 26. Re4 Qh2
27. Bxh6 Qg1+ 28. Ke2 Nd4+ 29. Kd2 Rxf2+ 30. Kc3 Qxg2 31. Bd2 Rg8 32. Ne3
Qf3 33. Qxf3 Nxf3 34. Be1 Re2 35. Nf5 Rxe1 36. Rexe1 Nxe1 37. Rxe1 Rg5 38.
Ng3 Kg7 39. Rh1 Kg6 40. Kd2 h5 41. Ke2 Kh6 42. Kf2 c6 43. Kg2 d5 44. cxd5
cxd5 45. Kf2 Kg6 46. Ke2 Kh6 47. Kd2 Kg6 48. Kc3 b6 49. Kd2 Kh6 50. Ke3 Kg6
51. Kf2 Kh6 52. Kg2 Kg6 53. Kg1 Kh6 54. Kg2 Kg6 55. Kg1 Kh6 56. Kf2 Kg6 57.
Kg2 Kh6 58. Rc1 Rg6 59. Rc8 Kg5 60. Rf8 Kh4 61. Rf5 Rg5 62. Rf1 Rg6 63.
Rh1+ 1-0

[Event "64th ch-RUS HL"]
[Site "Taganrog RUS"]
[Date "2011.06.18"]
[Round "4"]
[White "Bryzgalin,K"]
[Black "Sek,K"]
[Result "1/2-1/2"]
[WhiteElo "2473"]
[BlackElo "2432"]
[EventDate "2011.06.15"]

1. e4 e5 2. Nc3 Nf6 3. g3 Nc6 4. Bg2 Bc5 5. Nge2 d6 6. Na4 Be6 7. h3 Qe7 8.
Nxc5 dxc5 9. b3 O-O-O 10. d3 Rhg8 11. Bb2 g5 12. Qd2 Kb8 13. O-O-O h5 14.
Rdg1 Ne8 15. Kb1 f6 16. Qe3 b6 17. f4 Nd4 18. Nc1 Bc8 19. f5 Nd6 20. Rd1
Bb7 21. Qf2 a5 22. a4 Rh8 23. c3 Nc6 24. Rhe1 Nf7 25. Ba3 Qe8 26. Rd2 Rh7
27. Red1 h4 28. g4 Nd6 29. Qe3 Rhd7 30. Ne2 Re7 31. Ng1 Red7 32. Nf3 Qg8
33. Kb2 Re7 34. Ne1 Qe8 35. Nc2 Ka7 36. Qf2 Kb8 37. Ne3 Red7 38. Nd5 Qf7
39. Bf3 Qg7 40. Qh2 Qf7 41. Qf2 Qg7 42. Qh2 1/2-1/2

[Event "64th ch-RUS HL"]
[Site "Taganrog RUS"]
[Date "2011.06.18"]
[Round "4"]
[White "Zakhartsov,Vi"]
[Black "Musalov,R"]
[Result "1-0"]
[WhiteElo "2578"]
[BlackElo "2399"]
[EventDate "2011.06.15"]

1. d4 d5 2. c4 e6 3. Nc3 c5 4. cxd5 exd5 5. Nf3 Nc6 6. g3 Nf6 7. Bg2 Be7 8.
O-O O-O 9. Bg5 c4 10. Ne5 Be6 11. b3 Qa5 12. Qd2 Rfd8 13. Nxc6 bxc6 14.
bxc4 dxc4 15. Bxc6 Rac8 16. Bb7 Rc5 17. Bxf6 Bxf6 18. e3 Rb5 19. Rab1 Rb6
20. Rxb6 axb6 21. Rb1 h5 22. Rb5 Qa7 23. Be4 h4 24. Qb2 Rd6 25. Bd5 h3 26.
Qc2 Bd7 27. Ne4 Bxb5 28. Nxd6 Qa5 29. Qc1 c3 30. Bxf7+ Kf8 31. Nxb5 Qxb5
32. Be6 Qc6 33. Bxh3 g6 34. Qc2 Kg7 35. Bg2 Qc4 36. h4 b5 37. Be4 g5 38.
hxg5 Bxg5 39. Bd3 Qc6 40. Qe2 b4 41. Qg4 Kh6 42. Qh3+ Kg7 43. Qh7+ Kf8 44.
Qh8+ Kf7 45. Qh5+ 1-0

[Event "64th ch-RUS HL"]
[Site "Taganrog RUS"]
[Date "2011.06.18"]
[Round "4"]
[White "Airapetian,G"]
[Black "Yemelin,V"]
[Result "0-1"]
[WhiteElo "2460"]
[BlackElo "2584"]
[EventDate "2011.06.15"]

1. d4 Nf6 2. Nf3 e6 3. c4 b6 4. a3 c5 5. d5 Ba6 6. Qc2 exd5 7. cxd5 g6 8.
Nc3 Bg7 9. g3 O-O 10. Bg2 d6 11. O-O Re8 12. Re1 b5 13. e4 Nbd7 14. Bf4 Qb6
15. e5 dxe5 16. Nxe5 Nxe5 17. Bxe5 Bb7 18. a4 a6 19. a5 Qd8 20. f4 Ng4 21.
Bxg7 Kxg7 22. Ne4 Qxd5 23. Rad1 Qh5 24. Qc3+ Kh6 25. h3 Bxe4 26. hxg4 Qxg4
27. Bxe4 Rxe4 28. Kf2 Rxe1 29. Rxe1 Qh5 30. Qf6 Qd5 31. Re5 Qd2+ 32. Re2
Qd4+ 33. Qxd4 cxd4 34. Re7 f5 35. Ke2 Rc8 36. Kd3 Rc4 37. Ra7 Rb4 38. Rxa6
Kh5 39. Ra7 h6 40. Kc2 d3+ 41. Kc3 Rd4 42. Kd2 g5 43. Rb7 Rb4 44. Kc3 d2
45. Rd7 Ra4 46. Rxd2 Rxa5 47. Rh2+ Kg6 48. fxg5 hxg5 49. Kb4 Ra1 50. Rd2
Re1 51. Kxb5 Re3 52. Rg2 Kh5 53. b4 Kg4 54. Kc4 Kf3 55. Rg1 Kf2 56. Rb1
Kxg3 57. b5 f4 58. b6 Re8 59. Rg1+ Kh4 60. Rh1+ Kg4 61. Rg1+ Kf5 62. b7 g4
63. Rb1 g3 64. b8=Q Rxb8 65. Rxb8 g2 66. Rf8+ Ke4 67. Re8+ Kf5 68. Kd5 Kf6
69. Rg8 f3 70. Rf8+ Ke7 71. Rxf3 g1=Q 72. Rc3 Qg5+ 73. Ke4 Kd6 74. Rd3+ Ke6
75. Rc3 Qg4+ 76. Ke3 Kd5 77. Rd3+ Kc4 78. Rd2 Qg5+ 79. Ke2 Kc3 80. Rd3+ Kc2
81. Rf3 Qd2+ 82. Kf1 Kd1 83. Kg1 Qg5+ 84. Kf1 Kd2 85. Rf2+ Ke3 86. Re2+ Kd3
87. Rf2 Qd5 88. Rg2 Qf3+ 89. Kg1 Ke3 90. Kh2 Qf4+ 91. Kg1 Qd4 0-1

[Event "64th ch-RUS HL"]
[Site "Taganrog RUS"]
[Date "2011.06.18"]
[Round "4"]
[White "Kosintseva,T"]
[Black "Rodin,D"]
[Result "1/2-1/2"]
[WhiteElo "2559"]
[BlackElo "2404"]
[EventDate "2011.06.15"]

1. e4 c5 2. Nf3 e6 3. d4 cxd4 4. Nxd4 a6 5. Bd3 g6 6. O-O Bg7 7. Be3 Nf6 8.
c4 d6 9. Nc3 O-O 10. f3 Nbd7 11. b4 Re8 12. Qd2 b6 13. Rac1 Bb7 14. Nb3 Rc8
15. Be2 Bf8 16. a3 d5 17. cxd5 exd5 18. Bg5 Be7 19. Bxf6 Nxf6 20. e5 Nh5
21. f4 a5 22. Bxh5 axb4 23. axb4 gxh5 24. Ne2 Rc4 25. Ng3 Bxb4 26. Qd3 Rxc1
27. Rxc1 Re6 28. Nxh5 Rh6 29. Qg3+ Rg6 30. Nf6+ Kh8 31. Qh3 Rg7 32. Qf3 Be7
33. Nh5 Rg8 34. Rd1 Qd7 35. Nd4 Qg4 36. Qxg4 Rxg4 37. Kf2 Rh4 38. Ng3 Rxf4+
39. Ke3 Rg4 40. Ngf5 Re4+ 41. Kf3 Bc5 1/2-1/2

[Event "64th ch-RUS HL"]
[Site "Taganrog RUS"]
[Date "2011.06.18"]
[Round "4"]
[White "Goganov,A"]
[Black "Balashov,Y"]
[Result "1/2-1/2"]
[WhiteElo "2480"]
[BlackElo "2426"]
[EventDate "2011.06.15"]

1. d4 e6 2. c4 Bb4+ 3. Bd2 a5 4. Nc3 d5 5. e3 Nf6 6. Bd3 O-O 7. Nf3 b6 8.
O-O Bb7 9. Qc2 Nbd7 10. Rad1 Qe7 11. Rfe1 Bxc3 12. Bxc3 Ne4 13. Bd2 c5 14.
cxd5 exd5 15. Bb5 Rfc8 16. Qa4 Nf8 17. dxc5 Nxd2 18. Rxd2 bxc5 19. Qh4 Qxh4
20. Nxh4 g6 21. Ba4 Rc7 22. Nf3 Ne6 23. Rc1 Kg7 24. Rdc2 c4 25. Rc3 Rb8 26.
Bd1 Ba6 27. b3 a4 28. bxc4 Rxc4 29. Rxc4 dxc4 30. Bxa4 Rb2 31. a3 Ra2 32.
Bc2 Rxa3 33. Kf1 Ra2 34. Ke1 Nc5 35. Nd4 Nb3 36. Nxb3 cxb3 37. Bxb3 Re2+
38. Kd1 Rxf2 39. Rc7 Bd3 40. Bd5 1/2-1/2

[Event "64th ch-RUS HL"]
[Site "Taganrog RUS"]
[Date "2011.06.18"]
[Round "4"]
[White "Mokshanov,A"]
[Black "Chuprov,D"]
[Result "1-0"]
[WhiteElo "2393"]
[BlackElo "2520"]
[EventDate "2011.06.15"]

1. e4 c5 2. Nf3 d6 3. d3 Nf6 4. g3 d5 5. e5 Ng4 6. Bg2 Nc6 7. Qe2 Nh6 8.
Bxh6 gxh6 9. h3 Bg7 10. O-O Bf5 11. Nh4 Bg6 12. f4 e6 13. Qf2 Qb6 14. b3
O-O 15. Nc3 Nd4 16. Na4 Qa5 17. c3 Nb5 18. c4 dxc4 19. dxc4 Nd4 20. Bxb7
Rab8 21. Bg2 Bd3 22. Rfd1 Bxc4 23. Nxc5 Qxc5 24. Qxd4 Qxd4+ 25. Rxd4 Bb5
26. Rc1 Rfc8 27. Rxc8+ Rxc8 28. a4 Rc1+ 29. Kh2 Be2 30. Rd2 Bd1 31. Rd6 a5
32. Rb6 Bf8 33. f5 Rc5 34. fxe6 fxe6 35. Bf3 Bc2 36. Bg4 Rxe5 37. Bxe6+ Kg7
38. Rb7+ Kf6 39. Bc4 Be7 40. Nf3 Re4 41. Ra7 Bd1 42. Kg2 Re3 43. Ra6+ Kg7
44. Nd4 Re5 45. Nc6 1-0

[Event "64th ch-RUS HL"]
[Site "Taganrog RUS"]
[Date "2011.06.19"]
[Round "5"]
[White "Matlakov,M"]
[Black "Sjugirov,S"]
[Result "1/2-1/2"]
[WhiteElo "2632"]
[BlackElo "2629"]
[EventDate "2011.06.15"]

1. d4 Nf6 2. c4 e6 3. g3 d5 4. Bg2 Bb4+ 5. Bd2 Be7 6. Nf3 O-O 7. O-O c6 8.
Qc2 b6 9. Rd1 Nbd7 10. Bf4 Ba6 11. b3 Rc8 12. Nc3 h6 13. e4 dxc4 14. Nd2 b5
15. bxc4 bxc4 16. Na4 c5 17. d5 exd5 18. exd5 Nh5 19. Be3 Bf6 20. Rab1 Bd4
21. Re1 Re8 22. Ne4 Re5 23. Rbd1 Bxe3 24. Rxe3 Nhf6 25. Nac3 Nxe4 26. Bxe4
Bb7 27. Rde1 Kh8 28. Bf5 Rxe3 29. Rxe3 Rb8 30. d6 Nf6 31. Qd2 Bc6 32. Re5
Ne8 33. d7 Nf6 34. Rxc5 Bxd7 35. Bxd7 Qxd7 36. Qxd7 Nxd7 37. Rxc4 Rb7 38.
Kg2 Ne5 39. Re4 Nd3 40. Re3 Nc5 1/2-1/2

[Event "64th ch-RUS HL"]
[Site "Taganrog RUS"]
[Date "2011.06.19"]
[Round "5"]
[White "Volkov,Sergey1"]
[Black "Alekseev,Evgeny"]
[Result "1/2-1/2"]
[WhiteElo "2615"]
[BlackElo "2673"]
[EventDate "2011.06.15"]

1. d4 Nf6 2. c4 e6 3. Nc3 Bb4 4. f3 d5 5. a3 Bxc3+ 6. bxc3 c5 7. cxd5 exd5
8. e3 Qc7 9. Ne2 Nc6 10. g4 h6 11. Ra2 Be6 12. Bg2 O-O-O 13. Nf4 g5 14.
Nxe6 fxe6 15. O-O h5 16. h3 Rd7 17. Raf2 Qg3 18. e4 hxg4 19. fxg4 Rxh3 20.
Rxf6 Qh2+ 21. Kf2 Qg3+ 22. Kg1 Qh2+ 23. Kf2 Qg3+ 1/2-1/2

[Event "64th ch-RUS HL"]
[Site "Taganrog RUS"]
[Date "2011.06.19"]
[Round "5"]
[White "Galkin,A"]
[Black "Timofeev,Arty"]
[Result "1/2-1/2"]
[WhiteElo "2598"]
[BlackElo "2665"]
[EventDate "2011.06.15"]

1. c4 c5 2. Nf3 Nf6 3. Nc3 d5 4. cxd5 Nxd5 5. Qa4+ Nc6 6. Ne5 Bd7 7. Nxd7
Qxd7 8. g3 e6 9. Bg2 Be7 10. d3 O-O 11. Bd2 b5 12. Qd1 a6 13. Rc1 Rac8 14.
O-O Rfd8 15. Re1 h6 16. Nxd5 exd5 17. Be3 Ne5 18. b3 Qe6 19. d4 Ng4 20. Bf4
Nf6 21. dxc5 Bxc5 22. Qd3 Ne4 23. Be3 Bxe3 24. Qxe3 b4 25. Bxe4 Qxe4 26.
Qb6 Qe6 27. Qa5 Kh7 28. e3 d4 29. Rxc8 Qxc8 30. Qxb4 d3 31. Qc4 Qxc4 32.
bxc4 Kg6 33. Rd1 Kf5 34. f3 g5 35. g4+ Ke5 36. Kf2 f5 37. gxf5 Kxf5 38. c5
g4 39. c6 gxf3 40. c7 Rc8 41. Rxd3 Rxc7 42. Kxf3 Rc2 43. Rd5+ Ke6 44. Ra5
Rxh2 45. Rxa6+ Ke5 46. Ra5+ Ke6 47. a4 h5 48. Ra6+ Ke5 49. a5 h4 50. Ra8 h3
51. Kg3 Re2 52. Re8+ Kd6 53. Kxh3 Kd7 54. Re4 Ra2 55. Re5 Kd6 56. Rg5 Ra3
57. a6 Rxe3+ 58. Rg3 Rxg3+ 59. Kxg3 Kc6 1/2-1/2

[Event "64th ch-RUS HL"]
[Site "Taganrog RUS"]
[Date "2011.06.19"]
[Round "5"]
[White "Potkin,V"]
[Black "Ponkratov,P"]
[Result "1/2-1/2"]
[WhiteElo "2682"]
[BlackElo "2582"]
[EventDate "2011.06.15"]

1. d4 d5 2. c4 dxc4 3. e3 e5 4. Bxc4 exd4 5. exd4 Bd6 6. Nf3 Nf6 7. O-O O-O
8. Nc3 Bg4 9. h3 Bh5 10. g4 Bg6 11. Ne5 Ne4 12. f4 Nxc3 13. bxc3 Be4 14.
Qe2 Bc6 15. f5 Qh4 16. Kh2 Nd7 17. Bf4 Nb6 18. Bb3 Nd5 19. Bg3 Qh6 20. c4
Nf6 21. Bf4 Qh4 22. Bg3 Qh6 23. c5 Bxe5 24. dxe5 Ne4 25. Bf4 Qh4 26. Bc2
Ng5 27. Qe3 h6 28. Rad1 Rad8 29. Qg3 Rxd1 30. Qxh4 Rxf1 31. Bxg5 Rh1+ 32.
Kg3 Rg1+ 33. Kf4 Rf1+ 34. Ke3 hxg5 35. Qxg5 Re8 36. e6 fxe6 37. Bb3 Kf8 38.
fxe6 Bd7 39. Kd4 Bxe6 40. Bxe6 Rxe6 41. Qd8+ Re8 42. Qxc7 Rd1+ 43. Kc3 Red8
44. Qf4+ Kg8 45. g5 R1d5 46. Kc4 b6 47. cxb6 1/2-1/2

[Event "64th ch-RUS HL"]
[Site "Taganrog RUS"]
[Date "2011.06.19"]
[Round "5"]
[White "Khalifman,A"]
[Black "Inarkiev,E"]
[Result "1/2-1/2"]
[WhiteElo "2627"]
[BlackElo "2679"]
[EventDate "2011.06.15"]

1. d4 d5 2. c4 c6 3. Nf3 Nf6 4. Nc3 dxc4 5. a4 e6 6. e3 c5 7. Bxc4 cxd4 8.
Qxd4 Qxd4 9. Nxd4 a6 10. e4 Bd7 11. f3 Nc6 12. Nxc6 Bxc6 13. Be3 Bd6 14.
Kf2 Ke7 15. Bd4 e5 16. Be3 Rhc8 17. Rhc1 Bd7 18. Nd5+ Nxd5 19. Bxd5 Rxc1
20. Rxc1 Bxa4 21. Bxb7 Rb8 22. Bxa6 Rxb2+ 23. Kf1 Rc2 24. Rxc2 Bxc2 25. Ke2
Bb4 26. Bd2 Bc5 27. Be3 Bb4 28. Bd2 Bc5 29. Be3 1/2-1/2

[Event "64th ch-RUS HL"]
[Site "Taganrog RUS"]
[Date "2011.06.19"]
[Round "5"]
[White "Grachev,B"]
[Black "Romanov,E"]
[Result "1/2-1/2"]
[WhiteElo "2669"]
[BlackElo "2624"]
[EventDate "2011.06.15"]

1. c4 e5 2. Nc3 Nc6 3. Nf3 Nf6 4. g3 d5 5. cxd5 Nxd5 6. Bg2 Nb6 7. O-O Be7
8. a3 O-O 9. b4 Be6 10. d3 f6 11. Bb2 Qd7 12. Ne4 Rfd8 13. Qc2 Kh8 14. Rfd1
Qe8 15. Nc5 Bxc5 16. bxc5 Nd5 17. d4 exd4 18. Nxd4 Bf7 19. Nxc6 bxc6 20. e4
Ne7 21. e5 fxe5 22. Bxe5 Nd5 23. Re1 Qd7 24. Rad1 Re8 25. Rd4 Bg6 26. Qa4
Re7 27. Bxd5 cxd5 28. Qxd7 Rxd7 29. c6 Re7 30. Rxd5 Kg8 31. f4 Be8 32. Rc1
a5 33. Rcc5 a4 34. Bc3 Ra6 35. Re5 Rxe5 36. Rxe5 Bf7 37. Rb5 h6 38. Rc5 Be8
39. Re5 Bf7 40. Rc5 Be8 41. Re5 Bf7 42. Re7 Rxc6 43. Be5 Rc1+ 44. Kf2 Rc2+
45. Ke3 Ra2 46. Rxc7 Rxa3+ 47. Ke4 Ra2 48. Rc8+ Kh7 49. Rf8 Bb3 50. Ra8 Bf7
51. Ra7 Kg8 52. Ra8+ Kh7 53. Ra7 Kg8 54. h4 a3 55. Kf5 h5 56. Kg5 Rc2 57.
Rxa3 Rc6 58. f5 Rc4 59. Bf4 Rc5 60. Re3 Rd5 61. Be5 Kh7 62. f6 g6 63. Kf4
Rb5 64. Re4 Rb1 65. Ra4 Rf1+ 66. Ke3 Re1+ 67. Kd4 Rd1+ 68. Kc3 g5 69. hxg5
Kg6 70. Bf4 Rd8 71. Ra7 Rc8+ 72. Kd4 Re8 73. Kd3 Rc8 74. Ke4 Rc4+ 75. Ke5
Rc5+ 76. Kd4 Rc4+ 77. Kd3 Rc8 78. Re7 Ra8 79. Be5 Ra3+ 80. Ke4 Ra4+ 81. Bd4
Ra5 82. Be3 Ra4+ 83. Kf3 Bd5+ 84. Ke2 Bf7 85. Rd7 Ra2+ 86. Kf3 Ra8 87. Ba7
Rc8 88. Kf4 Ra8 89. Rb7 Rd8 90. Rc7 Rd5 91. Be3 Rxg5 92. Kf3 1/2-1/2

[Event "64th ch-RUS HL"]
[Site "Taganrog RUS"]
[Date "2011.06.19"]
[Round "5"]
[White "Savchenko,B"]
[Black "Bukavshin,I"]
[Result "1-0"]
[WhiteElo "2630"]
[BlackElo "2502"]
[EventDate "2011.06.15"]

1. e4 c5 2. Na3 Nc6 3. Bb5 Na5 4. Ba4 Qb6 5. c3 Qg6 6. Qf3 Nc6 7. Nc4 Qe6
8. Ne3 Ne5 9. Qe2 c4 10. f3 Qa6 11. Bc2 Nf6 12. b3 b5 13. f4 Ng6 14. e5
Nxf4 15. Qf3 N6d5 16. Nh3 Nxe3 17. dxe3 Bb7 18. Qxf4 Bxg2 19. Rg1 Bxh3 20.
Qf3 Rc8 21. Qxh3 g6 22. e4 Bg7 23. Bf4 O-O 24. b4 Qa3 25. Bc1 Qa6 26. Bh6
Bxe5 27. Bxf8 Rxf8 28. Rg5 Bf6 29. Qg3 Qb6 30. a4 bxa4 31. Rxa4 e6 32. Rga5
d5 33. e5 Bg7 34. Rxa7 d4 35. R4a6 Qb5 36. Ba4 Qb8 37. Ra8 Qxa8 38. Rxa8
Rxa8 39. Bd1 Ra3 40. Qf4 dxc3 41. Qc1 Ra2 42. Qxc3 Rxh2 43. b5 Rh1+ 44. Kd2
Rh2+ 45. Kc1 Bh6+ 46. Kb1 Rh1 47. Qf3 Re1 48. b6 Bg7 49. Qa8+ 1-0

[Event "64th ch-RUS HL"]
[Site "Taganrog RUS"]
[Date "2011.06.19"]
[Round "5"]
[White "Rublevsky,S"]
[Black "Vorobiov,E"]
[Result "1-0"]
[WhiteElo "2682"]
[BlackElo "2570"]
[EventDate "2011.06.15"]

1. e4 c5 2. Nf3 Nc6 3. Bb5 e6 4. O-O Nge7 5. Nc3 a6 6. Bxc6 Nxc6 7. d4 cxd4
8. Nxd4 Qc7 9. Nxc6 Qxc6 10. Re1 b5 11. Nd5 Bb7 12. Bf4 Rc8 13. c4 bxc4 14.
Rc1 Be7 15. Nxe7 Kxe7 16. Qg4 Kf8 17. b3 h5 18. Qg5 f6 19. Qg6 e5 20. Rxc4
Qe6 21. Rxc8+ Bxc8 22. Be3 Bb7 23. f3 Qf7 24. Qf5 g6 25. Qh3 Kg7 26. Rd1 d5
27. exd5 Bxd5 28. Qh4 Rc8 29. Qa4 Qb7 30. Qa5 Bf7 31. h4 Rc2 32. Qd8 Rc8
33. Qd2 Qc6 34. Qd6 Qb7 35. Rd2 Be8 36. Qe6 Bb5 37. Rd6 Rf8 38. a4 Be8 39.
Rxa6 Qb4 40. Bf2 Qf4 41. Ra7+ Bf7 42. Qe7 g5 43. Rd7 gxh4 44. Bc5 Qc1+ 45.
Kf2 Qc2+ 46. Ke1 Qc3+ 47. Ke2 Kg6 48. Qxf8 Bxb3 49. Qe8+ 1-0

[Event "64th ch-RUS HL"]
[Site "Taganrog RUS"]
[Date "2011.06.19"]
[Round "5"]
[White "Lintchevski,D"]
[Black "Kobalia,M"]
[Result "1-0"]
[WhiteElo "2543"]
[BlackElo "2679"]
[EventDate "2011.06.15"]

1. d4 d5 2. c4 c6 3. Nf3 Nf6 4. e3 g6 5. Be2 Bg7 6. O-O O-O 7. Nc3 a6 8. a4
a5 9. Bd2 dxc4 10. Bxc4 Bg4 11. Qb3 Bxf3 12. gxf3 Qc8 13. Rfd1 Nbd7 14. f4
Ne8 15. Bf1 Nd6 16. d5 Nf6 17. Bg2 Nf5 18. dxc6 bxc6 19. Qc4 Ra6 20. Bh3
Qb7 21. Ne4 Nxe4 22. Qxe4 Nd6 23. Qc2 Rb6 24. Rab1 Rxb2 25. Rxb2 Qxb2 26.
Qxc6 Qb3 27. Rc1 Bb2 28. Qc2 Qxc2 29. Rxc2 Ba3 30. Bg2 Bb4 31. Bxb4 axb4
32. a5 b3 33. Rc1 Rc8 34. Rxc8+ Nxc8 35. Be4 Kf8 36. Kf1 Ke8 37. Ke2 Kd7
38. Kd2 Nd6 39. Bd3 Kc7 40. Kc3 Nb7 41. Kb4 b2 42. a6 Nd6 43. Kc3 Kb6 44.
Kxb2 Ne8 45. Bc4 Nd6 46. Bd3 Ne8 47. Kc3 Nc7 48. Bc4 Nxa6 49. Bxf7 Nc5 50.
Kd4 Nd7 51. f5 gxf5 52. Be6 Nf8 53. Ke5 f4 54. exf4 Ng6+ 55. Kf5 Kc5 56.
Kg5 Nf8 57. Bf5 e6 58. Bc2 Kd6 59. Kh6 Ke7 60. Kg7 Nd7 61. Bxh7 Nf6 62. Bg6
Nd5 63. h4 Nxf4 64. h5 e5 65. h6 Ne6+ 66. Kg8 1-0

[Event "64th ch-RUS HL"]
[Site "Taganrog RUS"]
[Date "2011.06.19"]
[Round "5"]
[White "Sakaev,K"]
[Black "Papin,V"]
[Result "1/2-1/2"]
[WhiteElo "2629"]
[BlackElo "2565"]
[EventDate "2011.06.15"]

1. d4 d5 2. c4 c6 3. Nf3 Nf6 4. e3 e6 5. Nbd2 c5 6. cxd5 Nxd5 7. Bc4 Nc6 8.
dxc5 Bxc5 9. O-O O-O 10. Qe2 Nf6 11. Rd1 Qe7 12. Ng5 Bb6 13. Bb3 h6 14.
Nge4 Nxe4 15. Nxe4 Bd7 16. Bd2 Rfd8 17. Qh5 e5 18. Bc3 Be6 19. Bxe6 Qxe6
20. b3 f5 21. Ng3 Rf8 22. Ne2 Rad8 23. h3 Rd5 24. Qf3 Rdd8 25. Qh5 Rd5 26.
Qf3 Rdd8 27. Qh5 Rd5 28. Qf3 1/2-1/2

[Event "64th ch-RUS HL"]
[Site "Taganrog RUS"]
[Date "2011.06.19"]
[Round "5"]
[White "Landa,K"]
[Black "Kryakvin,D"]
[Result "1/2-1/2"]
[WhiteElo "2613"]
[BlackElo "2551"]
[EventDate "2011.06.15"]

1. e4 c5 2. Nf3 Nc6 3. d4 cxd4 4. Nxd4 Nf6 5. Nc3 d6 6. Bg5 e6 7. Qd2 Be7
8. O-O-O O-O 9. f4 h6 10. h4 Nxd4 11. Qxd4 Qa5 12. Kb1 Rd8 13. Be2 b5 14.
Bxf6 Bxf6 15. e5 dxe5 16. Qe4 Ba6 17. fxe5 b4 18. exf6 bxc3 19. Bxa6 Qxa6
20. Rd3 e5 21. fxg7 Rac8 22. Rxd8+ Rxd8 23. Qxe5 cxb2 24. Re1 Qc4 25. g3
Rc8 26. Qxb2 a5 27. Ka1 Qc7 28. Re3 Rd8 29. a3 a4 30. Qc3 Qb7 31. Re1 Rc8
32. Qf6 Qd5 33. g4 Qc4 34. Rf1 Rc6 35. Rf4 Qd5 36. Qd4 Qxd4+ 37. Rxd4 Rxc2
38. Rxa4 Kxg7 39. Rf4 h5 40. gxh5 Rc5 41. a4 Rxh5 42. Kb2 Re5 43. Kb3 f5
44. Kb4 Kf6 45. a5 Re1 46. a6 Ke5 47. Rc4 f4 48. Rc5+ Kd4 49. Rf5 Ra1 50.
Kb5 Ke3 51. Kb6 Rb1+ 52. Kc7 Rc1+ 53. Kb7 Rb1+ 54. Kc6 Ra1 55. Kb7 Rb1+ 56.
Kc7 Rc1+ 57. Kb8 Rb1+ 58. Kc7 1/2-1/2

[Event "64th ch-RUS HL"]
[Site "Taganrog RUS"]
[Date "2011.06.19"]
[Round "5"]
[White "Frolyanov,D"]
[Black "Danin,A"]
[Result "1/2-1/2"]
[WhiteElo "2599"]
[BlackElo "2534"]
[EventDate "2011.06.15"]

1. d4 Nf6 2. c4 c6 3. Nf3 d5 4. Qc2 g6 5. Bf4 Bg7 6. e3 O-O 7. Nc3 c5 8.
dxc5 Qa5 9. Nd2 dxc4 10. Bxc4 Qxc5 11. O-O Nc6 12. a3 Bf5 13. e4 Bd7 14.
Rac1 Qh5 15. Be2 Qh4 16. Bg3 Qh6 17. Nf3 Nh5 18. Bh4 Bf6 19. Bxf6 Nxf6 20.
Nd5 Rac8 21. Qd1 Rfd8 22. Bd3 Kg7 23. h3 Be6 24. Nxf6 exf6 25. Rc3 Qf4 26.
Qc1 Qd6 27. Bc4 Ne5 28. Nxe5 Qxe5 29. Bxe6 Rxc3 30. Qxc3 Qxe6 31. Re1 Qe5
32. Qxe5 fxe5 33. Rc1 Rd2 34. b4 Rd3 35. Rc7 Rxa3 36. Rxb7 a5 37. bxa5 Rxa5
38. Kh2 h5 39. h4 Rc5 40. Rb4 Ra5 1/2-1/2

[Event "64th ch-RUS HL"]
[Site "Taganrog RUS"]
[Date "2011.06.19"]
[Round "5"]
[White "Shimanov,A"]
[Black "Kornev,Alexei"]
[Result "0-1"]
[WhiteElo "2583"]
[BlackElo "2511"]
[EventDate "2011.06.15"]

1. c4 Nf6 2. Nf3 c6 3. Nc3 d5 4. e3 a6 5. Qc2 g6 6. d4 Bg7 7. Bd3 Bg4 8.
Ne5 Be6 9. Bd2 dxc4 10. Nxc4 Nbd7 11. b4 Bxc4 12. Bxc4 e5 13. dxe5 Nxe5 14.
Be2 O-O 15. O-O Re8 16. h3 Qe7 17. a3 Rad8 18. Rad1 c5 19. f4 Nc6 20. bxc5
Qxc5 21. Qc1 Rxd2 22. Rxd2 Rxe3 23. Na4 Qxc1 24. Rxc1 Ne4 25. Ra2 Nd4 26.
Bf1 Bf8 27. Nb6 Nc3 28. Raa1 Nb3 29. Nc4 Nxc1 30. Rxc1 Ne2+ 31. Bxe2 Rxe2
32. a4 Bc5+ 33. Kh1 b5 34. axb5 axb5 35. Ne5 Bd6 36. Nd3 Rd2 37. Rc3 f6 38.
g3 Kf7 39. Kg1 Ke6 40. Nc5+ Kd5 41. Nb3 b4 42. Rf3 Bc5+ 43. Kf1 Rc2 44. f5
g5 45. g4 Ke4 46. Rg3 Bd6 0-1